| 000 | 01171nam a2200265 a 4500 | ||
|---|---|---|---|
| 001 | 77582 | ||
| 003 | BD-RjUL | ||
| 005 | 20211209083010.0 | ||
| 008 | 201201s2009 bg a|||| m||| 00| 0 eng d | ||
| 035 | _a( BD-RjUL )77808 | ||
| 040 |
_aBD-RjUL _beng _dBD-RjUL |
||
| 041 | _aeng | ||
| 082 |
_a362.630954924 _bCHI 2009 _223 |
||
| 100 |
_aChoudhary, Md. Shahidur Rahman _9242202 |
||
| 245 | 1 |
_aImpact of Old Age Allowance on Elderly Welfare in Rural Bangladesh: _bA Study of Godagari Upazilla in Rajshahi District / _cMd. Shaidur Rahman Choudhary ; _6Supervisor : Md. Fakrul Islam |
|
| 260 |
_aRajshahi : _bDepartment of Social Work, Rajshahi University, _c2009 |
||
| 300 |
_axv, 148 Leaves : _bill. ; _c29 cm. |
||
| 502 | _aThesis ( Ph. D.) -- Department of Social Work, Rajshahi University, 2009 | ||
| 504 | _aReferences: leaves 137-142 | ||
| 650 |
_aOlder people _xCare _zBangladesh _zRajshahi _zGodagari Upazilla _9242203 |
||
| 650 |
_aOlder people _xServices for _zBangladesh _zRajshahi _zGodagari Upazilla _9242688 |
||
| 650 |
_aold Age Assistance _zBangladesh _zRajshahi _zGodagari Upazilla _9242689 |
||
| 700 |
_aIslam , Md. Fakrul, Supervisor _9242204 |
||
| 942 |
_2ddc _cTHE |
||
| 999 |
_c77582 _d77582 |
||